| 000 | 01461cab a2200241 ab4500 | ||
|---|---|---|---|
| 005 | 20231010150502.0 | ||
| 008 | 991125c2014 ag fr p o 000 0 spa d | ||
| 035 | _aUPN01000217121 | ||
| 040 |
_aMX-MxUPN _bspa _cMX-MxUPN _eaacr2 |
||
| 049 | _aART-E | ||
| 100 | 1 | _aRangone, Laura | |
| 100 | 1 | _ulau_rangone@hotmail.com | |
| 245 | 1 | 0 |
_aEdipo y el masoquismo _h[recurso electrónico en línea] |
| 506 | 0 | _aAcceso abierto | |
| 520 | 3 | _aEl presente trabajo parte de la posibilidad de situar una triple intersección entre Edipo y masoquismo. Estos puntos de cruce – que tendrán implicancias clínicas disímiles y una serie de problematizaciones intrínsecas – pueden resumirse del siguiente modo: i) Existen diferentes formas de plantear conexiones entre masoquismo y complejo de Edipo; ii) El mito de Edipo, (que ha inspirado la tragedia sofocleana Edipo Rey) admite, sin ser esbozado bajo el término “complejo”, -al menos- una forma de relación con la cuestión del masoquismo; iii) Es posible establecer una articulación entre masoquismo primordial y la tardía obra de Sófocles Edipo en Colono. PP | |
| 653 | 0 | _aMasoquismo | |
| 653 | 0 | _aLiteratura clásica | |
| 773 |
_gVol. 11, no. 1 (2014), p. 93-99 _tPerspectivas en psicología : revista de psicología y ciencias afines _x1853-8800 |
||
| 856 | 4 | _uhttp://200.0.183.216/revista/index.php/pep/article/view/84 | |
| 902 | _bLeonor Sotres/101023 | ||
| 905 | _aArticulo | ||
| 942 | _cART-E | ||
| 999 |
_c189221 _d189221 |
||